| 000 | 00632nam a22001937a 4500 | ||
|---|---|---|---|
| 999 |
_c527513 _d527513 |
||
| 003 | NUST | ||
| 005 | 20190729074027.0 | ||
| 008 | 190729b ||||| |||| 00| 0 eng d | ||
| 038 | _aMr. Noman Tariq | ||
| 082 | _a658 | ||
| 100 |
_aKhan, Saira _918814 |
||
| 245 |
_aRole of HR Managers as Strategic Business Partners: _bExploring the relevant competencies, desirable acumen and challenges in partnering with organizations / _cSaira Khan. |
||
| 260 |
_aIslamabad: _bNBS - NUST, _c2014. |
||
| 300 |
_a67 p.: ill.; _c30cm. |
||
| 500 | _aHardcover. | ||
| 650 | _2MBA Thesis. | ||
| 700 |
_aDr. Asfia Obaid. _917675 |
||
| 942 |
_2ddc _cTHE |
||